000 00423 a2200145 4500
005 20260414120620.0
020 _a0-470-86255-6
082 _a658.403 FOF
100 _aFORTUNE, J
245 _aInformation Systems : Achieving Success by Avoiding Failure
260 _aAtrium,
_bJohn Wiley & Sons Ltd,
_c2005.
300 _axii, 220p, ill ,figure, table
_breference & index
_c24cm
700 _aPETERS, G
942 _2ddc
_cBKS
999 _c6869
_d6869